000 00609nmm a2200193Ia 4500
008 251105s9999||||xx |||||||||||||||||und||
020 _a9788499182414
041 _aspa
100 _aFine, Cordelia
245 0 _aCuestión de sexos :
_b Cómo nuestra mente, la sociedad y el neurosexismo crean la diferencia
264 _a[Madrid, España] :
_bRoca Editorial,
_c2011
300 _a368 páginas
490 _aDivulgación
650 _aGender and Women Studies
700 _aFine, Cordelia
700 1 _a Castilla Plaza, Juan
856 _uhttps://public.digitaliapublishing.com/a/33542
942 _cCF
999 _c65479
_d65479